Guess The Countries - Statistics

General Stats
  • This quiz has been taken 38 times
  • The average score is 13 of 17
Answer Stats
Hint Answer % Correct
Biggest country by population. China
100%
Biggest country by land. Russia
100%
Only country that starts with Q. Qatar
97%
Putin declared a war this country at 2022. Ukraine
97%
Only country that starts with Y. Yemen
94%
Only country that starts with O. Oman
91%
Won the World Cup at 2002. Brazil
82%
Lionel Messi is borned at this country. Argentina
76%
World record holder of 100m and 200m is borned at this country. Jamaica
76%
Founder of that country died at 1799. United States of America
71%
Pewdiepie and Ibrahimovic were borned at this country. Sweden
68%
Same flag with Chad. Romania
65%
Same flag with Romania. Chad
62%
Borders to Romania and Ukraine. Moldova
62%
Number 0 is invented at this country. India
56%
Same flag with Thailand but colors are swapped. Costa Rica
38%
Indepence day is 1st April. Iran
21%
No matching quizzes found
Score Distribution
Percent of People with Each Score
Percentile by Number Answered
Your Score History
You have not taken this quiz